000 00436cam a22001451 4500
082 _a943.805
_bTSA
_cL-30, P-58
100 1 _aKomorowski, Tadeusz,
_949105
245 1 4 _aThe secret army.
260 _aLondon,
_bGollancz,
_c1950.
300 _a407 p.
_bport., maps.
_c22 cm.
526 _a0
_b0
_c0
_d943_805000000000000_TSA
650 0 _aMCE
_9379
650 0 _aWorld War, 1939-1945
_xUnderground movements
_zPoland.
_949106
942 _2ddc
_cBK
999 _c551935
_d551935